Diversidad, globalización y la sabiduría de la naturaleza /

Gespeichert in:
Bibliographische Detailangaben
1. Verfasser: Antón, Danilo J. (autor)
Format: Buch
Sprache:Spanisch
Veröffentlicht: Montevideo, Uruguay : Ottawa, Canadá : Piriguazú ; Centro Internacional de Investigaciones para el Desarrollo, 1999, c1999
Schlagworte:
Tags: Tag hinzufügen
Keine Tags, Fügen Sie das erste Tag hinzu!

MARC

LEADER 00000nam^a2200000^a^4500
001 000169703
005 20250521000000.0
009 20260310101245.983
020 |a 0-88936-885-6 
037 |a Acervo ITESO - Biblioteca 
041 |a ESP 
082 |a 333. 7  |b ANT 
100 |a Antón, Danilo J.  |e (autor) 
245 1 0 |a Diversidad, globalización y la sabiduría de la naturaleza /  |c D.J. Antón ; pról. de Roberto Bissio. 
264 4 |a Montevideo, Uruguay :  |b Piriguazú ;  |a Ottawa, Canadá :  |b Centro Internacional de Investigaciones para el Desarrollo,  |c 1999, c1999 
300 |a 302 p. 
336 |a texto  |b txt  |2 rdacontenido 
337 |a sin mediación  |b n  |2 rdamedio 
338 |a volumen  |b nc  |2 rdasoporte 
500 |a Traducción de: Diversity, Globalization, and the Ways of Nature 
649 |a XX 
650 |a Recursos Energéticos 
650 |a Recursos Naturales 
650 |a Ecosistemas 
650 |a Política Ambiental 
650 |a Desarrollo Sustentable 
650 |a Conservación y Protección Ambiental 
650 |a Impacto Ambiental 
650 |a Contaminación Ambiental 
650 |a Medio Ambiente 
650 |a Ecología 
650 |a Globalización 
650 |a Desarrollo Urbano 
650 |a Desarrollo Económico-Social 
650 |a Economía de la Tierra 
650 |a Economía 
910 |a Fondo General 
920 |a Impresos - Libros 
930 |a Colección General 
905 |a 101 
901 |a 0500106505  |b IT1  |c ACC  |u 20250521 
902 |a https://opac.biblio.iteso.mx/vufind/Record/000169703